Von nobler Herkunft - ein neuentdecktes Porträt des Jan Daemen Cool in den Sammlungen der Nationalgalerie Prag und seine Vorbesitzer
| Titel: | Von nobler Herkunft - ein neuentdecktes Porträt des Jan Daemen Cool in den Sammlungen der Nationalgalerie Prag und seine Vorbesitzer |
|---|---|
| Verfasser: | |
| In: |
Orbis artium, (2009), Seite 143-153 alle Artikel anzeigen |
| Veröffentlicht: | 2009 |
| Format: | Aufsatz |
| Sprache: | Deutsch |
X
alg: 39349123 001A $01999:12-11-16 001B $01999:22-05-21 $t21:58:32.000 001D $01999:12-11-16 001U $0utf8 001X $00 002@ $0Aox 003@ $0393491234 007A $0393491234 $aHEB 007T $0Herdpp168198 010@ $ager 011@ $a2009 021A $aVon nobler Herkunft - ein neuentdecktes Porträt des Jan Daemen Cool in den Sammlungen der Nationalgalerie Prag und seine Vorbesitzer 028A $aŠevčík $dAnja K. 031A $h143-153 $j2009 037A $aRés. čes. s. 151: Vznešeného původu - nově objevený portrét Jana Daemena Coola ve sbírkách Národní galerie v Praze a jeho předchozí majitelé 039B $aIn $8--Aau--. @Orbis artium. - Brno : Masarykova univerzita, 2009. - 846, [1] S.. - Ill. - ISBN 978-80-210-4972-7 $x200900000000000857 $9222799129 045F $a709.4371 $eDDC23BSB 045F/01 $a709 045F/03 $g4371 lok: 39349123 78 exp: 39349123 78 1 #EPN 201B/01 $026-11-17 $t03:37:38.000 201U/01 $0utf8 203@/01 $0789601672 208@/01 $a12-11-16 $be 209A/01 $a/ $f000 $x00 220C/01 $aHerkunft: Hú Av Čr Praha 244Z/01 $#Tschechien $#Tschechische Republik $#Tschechische Republik $#Tschechenland $#Tschechei Tschechien $#Česká Republika $#Czech Republic $#ČR $74303381-7 $8--Tg1--Tschechien $x01 $9086659812 244Z/01 $2Trx $#Böhmen $#Bohemia $#Czechy $8--Trx--Čechy $x02 $9391188941 244Z/01 $#Prag $#Hlavni Město Praha $#Hauptstadt Prag $#Prag Kraj $#Bezirk Prag $#Praha $#Prague $#Praga $#Praag $74076310-9 $8--Tg1--Prag $x03 $9085216283 244Z/01 $2Trx $8--Trx--Cool, Jan Daemen$Z1589-1660 $x04 $9390792713 244Z/01 $aobrazy $x05 244Z/01 $agalerie národní $x06 244Z/01 $amalíři nizozemští $x07 244Z/01 $2Trx $8--Trx--Einzelbeiträge $x08 $9391384570 245Z/01 $a11.10 $x01 247C/01 $82080>Marburg/Lahn, Herder-Institut, Forschungsbibliothek, Bibliographieportal $9336309341
| LEADER | 00000caa a22000002c 4500 | ||
|---|---|---|---|
| 001 | 393491234 | ||
| 003 | DE-603 | ||
| 005 | 20210522215832.0 | ||
| 007 | tu | ||
| 008 | 161112s2009 xx |||| | u00||u|ger c | ||
| 035 | |a (DE-599)HEB393491234 | ||
| 040 | |a DE-603 |b ger |c DE-603 |d DE-603 | ||
| 041 | |a ger | ||
| 082 | 0 | 4 | |8 1\u |a 709.4371 |q DE-101 |2 23/BSB |
| 085 | |8 1\u |b 709 | ||
| 085 | |8 1\u |z 2 |s 4371 | ||
| 100 | 1 | |a Ševčík, Anja K. | |
| 245 | 0 | 0 | |a Von nobler Herkunft - ein neuentdecktes Porträt des Jan Daemen Cool in den Sammlungen der Nationalgalerie Prag und seine Vorbesitzer |
| 264 | 0 | |c 2009 | |
| 500 | |a Rés. čes. s. 151: Vznešeného původu - nově objevený portrét Jana Daemena Coola ve sbírkách Národní galerie v Praze a jeho předchozí majitelé | ||
| 773 | 0 | 8 | |i In |t Orbis artium |d Brno : Masarykova univerzita, 2009 |h 846, [1] S., Ill |z 9788021049727 |z 8021049723 |g (2009), Seite 143-153 |w (DE-603)222799129 |
| 924 | 0 | |9 2080 |a (DE-603)789601672 |b DE-2080 |c HES |d d |g / | |


